| 000 | 00742nac a22002890a 4500 | ||
|---|---|---|---|
| 001 | UByD001754 | ||
| 003 | AR-LpoUNG | ||
| 005 | 20230726235413.0 | ||
| 008 | 230726s2017||||ag |||||||||||||||||spa d | ||
| 020 | _a9789876122672 | ||
| 040 |
_aAR-LpoUNG _bspa _eaacr |
||
| 041 | _aspa | ||
| 044 | _aag | ||
| 082 | 0 | _a808.068 3 229maz | |
| 100 | 1 | _aDahsner, James | |
| 245 | 1 | 0 |
_aMaze Runner : _bcorrer o morir |
| 250 | _a1ra ed. | ||
| 260 |
_aMéxico, D.F. : _bGran Travesía, _c2019. |
||
| 300 | _a400 p. | ||
| 505 | 0 | _aSugerido a partir de 14 años (etiqueta VERDE) | |
| 650 | 4 | _aLITERATURA | |
| 650 | 4 | _aNOVELAS | |
| 653 | _aLITERATURA INFANTOJUVENIL | ||
| 700 | 1 |
_aPoch, Silvina _etr. |
|
| 905 | _a53484 | ||
| 942 |
_cLIB _2ddc |
||
| 999 |
_c64267 _d64267 |
||